00455nam a2200157Ia 45000010006000000050017000060080041000230410008000640820032000721100055001042450085001592600009002443000028002536500008002816540008002891173320260306162849.0260306t2024||||xx |||||||||||||| ||spa|| aESP aHR 056bMAR 2024 CULTURAL.2 aCentro Cultural Peruano Norteamericano de Arequipa 0aCultural :brevista anual del Centro Cultural Peruano Norteamericano de Arequipa c2024 a137 páginas :c24 cm. aGEN aCHU